000 01024nam a2200229Ia 4500
003 GCL
008 140319s9999 xx 000 0 ara d
040 _aGCL /
_cGCL
082 0 4 _a658.04
_bو ا
100 1 _aواثق حمد ابوعمر
245 1 0 _aاساسيات دراسة الجدوى الاقتصادية والاجتماعية - تقييم المشروعات الخاصة والعامة :
_bFUNDAMENTALS OF FEASEBILITY STUDIES - EVALUATION OF PRIVATE AND PUBLIC PROJECTS /
_cواثق حمد ابوعمر
250 _aالاولى
260 _aسوريا :
_bدار الرضا للنشر ،
_c2003
300 _a291 ص ؛
_c24 سم
490 _aسلسلة الرضا للتنمية الادارية
_v0
650 0 4 _aدراسة الجدوى
650 0 4 _aتخطيط الانتاج
650 0 4 _aالمشروعات - ضبط التكاليف
650 0 4 _aالمشروعات الخاصة - تنظيم وادارة
650 0 4 _aالمشروعات العامة - تنظيم وادارة
942 _2ddc
_cBK
999 _c9942
_d9942